| 000 | 00327nam a2200121Ia 4500 | ||
|---|---|---|---|
| 008 | 150202s9999 xx 000 0 und d | ||
| 050 |
_aFIC _bFIC |
||
| 100 | _aGreene, Graham. | ||
| 245 | 4 |
_aThe comedians / _cGraham Greene. |
|
| 260 |
_aNew York : _bBantam Books, _c1966. |
||
| 300 |
_a274 pages : _c18 cm. |
||
| 650 | _aFiction. | ||
| 999 |
_c282063 _d282063 |
||